Statistics for Damage Incorporated Divisions to House Quiz

Click here to take the quiz!

General Stats

  • This quiz has been taken 14 times
  • The average score is 19 of 22

Answer Stats

DivisionHouse% Correct
DI-XDagger
100%
DI-XVIIJavelin
100%
DI-XVIDagger
88%
DI-XVIIIDagger
88%
DI-VIIIDagger
88%
DI-XIDagger
88%
DI-CJavelin
88%
DI-XXIIJavelin
88%
DI-XXJavelin
88%
DI-IXJavelin
88%
DI-XIXLongbow
88%
DI-XIILongbow
88%
DI-IIILongbow
88%
DI-VILongbow
88%
DI-VSabre
88%
DI-ISabre
88%
DI-XIVTrident
88%
DI-VIITrident
88%
DI-XXITrident
88%
DI-IISabre
75%
DI-IVSabre
75%
DI-XVTrident
75%

Score Distribution

Percentile by Number Answered

Percent of People with Each Score

Your Score History

You have not taken this quiz